【プロスピA】アニバに3回以上選出されている選手だけ答える - Statistics

General Stats
  • This quiz has been taken 939 times
  • The average score is 4 of 15
Answers on the Grid
Answers color-coded by a green-red scale on the quiz's grid according to % correct below.
坂本勇人
佐藤輝明
鈴木誠也
牧秀悟
山田哲人
ネフタリ・ソト
山川穂高
千賀滉大
近藤健介
柳田悠岐
松井裕樹
浅村栄斗
大谷翔平
大山悠輔
西川龍馬
岡本和真
菅野智之
村上宗隆
山岡泰輔
山本由伸
ポランコ
モイネロ
源田壮亮
中村剛也
万波中正
宮西尚生
上沢直之
中田翔
 
Answer Stats
Answer % Correct
坂本勇人
90%
山田哲人
59%
柳田悠岐
40%
鈴木誠也
29%
千賀滉大
28%
山本由伸
22%
菅野智之
21%
岡本和真
20%
村上宗隆
20%
浅村栄斗
19%
松井裕樹
16%
中村剛也
11%
中田翔
9%
西川龍馬
8%
上沢直之
4%
No matching quizzes found
Score Distribution
Percent of People with Each Score
Percentile by Number Answered
Your Score History
You have not taken this quiz